000 01095cam a2200325 i 4500
001 on1256633153
003 TZ-ArACH
005 20260122132830.0
008 200506s2019 bl b 000 0 por d
020 _a9788584935352
_qpaperback
020 _a8584935355
035 _a(OCoLC)1256633153
040 _aHVL
_beng
_erda
_cTZ-ArACH
_dHVL
043 _as-bl---
049 _aTZAA
050 4 _aKHD2973
_b.L56 2019
100 1 _aLima, Carolina Alves de Souza,
_eauthor.
245 1 0 _aCidadania, Direitos Humanos e Educação :
_bAvanços, retrocessos e perspectivas para o século 21 /
_cCarolina Alves de Souza Lima.
260 _aSao Paolo (Brazil) :
_b Almedina Brasil;
_c2019.
300 _a395 pages ;
_c23 cm.
490 0 _aColeção Manuais Profissionais
504 _aIncludes bibliographical references (379-395).
650 0 _aCitizenship
_zBrazil.
650 0 _aRight to education
_zBrazil.
650 6 _aDroit à l'éducation
_zBrésil.
650 7 _aCitizenship
_2fast
_91402
650 7 _aRight to education
_2fast
_917690
651 7 _aBrazil
_2fast
942 _2lcc
_cBOOK
999 _c7777
_d7777